00497nam a22001697a 450000500170000001000130001702000090003003500130003903700140005208200100006610000250007624500610010124600570016226000410021927000470026030000200030720191226164447.0 aA-159741 c9.50 aA-159741 bBPPD/Pub. a840.9 aجعفر ، سیدہ aدکنی نشر کا انتیخاب /cسیدہ جعفر aDeccanni Nasar ka Intekhab (Urdu) /bby Syeda Jaffer aNew DelhibTaraqqi Urdu Bureauc1983 aWest Block-8, R.K.PurambNew Delhie110022 a168p.c20cm(Hb)